[Event "13. Dubai open 2011"]
[Site "Dubai UAE"]
[Date "2011.04.17"]
[Round "8.6"]
[White "Ter-Sahakyan, Samvel"]
[Black "Miroshnichenko, Evgenij"]
[Result "0-1"]
[WhiteElo "2575"]
[BlackElo "2670"]
[PlyCount "75"]
[EventDate "2011.04.10"]
[EventType "swiss"]
[EventRounds "9"]
[EventCountry "UAE"]
[Source "lmi"]
[SourceDate "2011.04.09"]

1. e4 c5 2. Nf3 d6 3. d4 cxd4 4. Nxd4 Nf6 5. Nc3 a6 6. Bg5 Nbd7 7. Bc4 Qb6 8.
Bb3 e6 9. Qd2 Be7 10. O-O-O Nc5 11. f3 Qc7 12. g4 b5 13. a3 Bd7 14. Kb1 Qb7 15.
Be3 Nxb3 16. Nxb3 a5 17. g5 Nh5 18. e5 d5 19. Bc5 b4 20. Ne4 bxa3 21. Bxe7 Kxe7
22. Qd4 Qb4 23. Ng3 Qxd4 24. Nxd4 Nf4 25. bxa3 h6 26. h4 Ng6 27. Rde1 hxg5 28.
hxg5 Rxh1 29. Nxh1 Rh8 30. Nf2 Rh5 31. Nd3 Rxg5 32. Kb2 Rg3 33. Kc3 Nh4 34. Rf1
g5 35. Kd2 Rg2+ 36. Rf2 Rg1 37. Kc3 Be8 38. Rh2 0-1

[Event "13. Dubai open 2011"]
[Site "Dubai UAE"]
[Date "2011.04.17"]
[Round "8.10"]
[White "Berg, Emanuel"]
[Black "Guliev, Sarhan"]
[Result "1-0"]
[WhiteElo "2612"]
[BlackElo "2497"]
[PlyCount "79"]
[EventDate "2011.04.10"]
[EventType "swiss"]
[EventRounds "9"]
[EventCountry "UAE"]
[Source "lmi"]
[SourceDate "2011.04.09"]

1. e4 e5 2. Nf3 Nc6 3. Bb5 d6 4. d4 exd4 5. Qxd4 Nf6 6. Nc3 Be7 7. Bf4 O-O 8.
Qd2 a6 9. Bxc6 bxc6 10. O-O-O Be6 11. e5 Nd5 12. Nd4 Nxc3 13. Qxc3 Bg5 14. Qe3
Bxf4 15. Qxf4 dxe5 16. Qxe5 Qd5 17. Qxd5 Bxd5 18. f3 Rfe8 19. b3 Kf8 20. Rhe1
Rxe1 21. Rxe1 c5 22. Nf5 c4 23. Re5 c6 24. Ne3 cxb3 25. axb3 Be6 26. Rc5 Rc8
27. Ra5 Ra8 28. Rc5 Rc8 29. Ra5 Ra8 30. Kd2 Ke7 31. Kc3 Kd6 32. Kd4 Bc8 33. Ra4
Kc7 34. Rb4 Be6 35. Nc4 Bc8 36. Kc5 Be6 37. Na5 Rd8 38. Rb7+ Kc8 39. Kb6 Rd2
40. Nxc6 1-0

[Event "13. Dubai open 2011"]
[Site "Dubai UAE"]
[Date "2011.04.17"]
[Round "8.11"]
[White "Amin, Bassem"]
[Black "Lalith, Babu M R"]
[Result "1-0"]
[WhiteElo "2596"]
[BlackElo "2491"]
[PlyCount "59"]
[EventDate "2011.04.10"]
[EventType "swiss"]
[EventRounds "9"]
[EventCountry "UAE"]
[Source "lmi"]
[SourceDate "2011.04.09"]

1. e4 c6 2. d4 d5 3. exd5 cxd5 4. c4 Nf6 5. Nc3 Nc6 6. Bg5 e6 7. Nf3 Be7 8. c5
O-O 9. Bb5 h6 10. Bf4 Bd7 11. O-O Ne4 12. Rc1 Bf6 13. Re1 a6 14. Ba4 Ng5 15.
Nxg5 hxg5 16. Bxc6 gxf4 17. Bxb7 Rb8 18. c6 Bc8 19. Na4 Qa5 20. Nc5 Bxb7 21.
cxb7 Rfd8 22. a4 Be7 23. b4 Qb6 24. Rb1 Qc6 25. Qb3 Bxc5 26. bxc5 Rd7 27. Qb6
Qxb6 28. Rxb6 Rdxb7 29. a5 Kf8 30. Rc1 1-0

[Event "13. Dubai open 2011"]
[Site "Dubai UAE"]
[Date "2011.04.17"]
[Round "8.12"]
[White "Pantsulaia, Levan"]
[Black "Ramnath, Bhuvanesh"]
[Result "1-0"]
[WhiteElo "2595"]
[BlackElo "2425"]
[PlyCount "79"]
[EventDate "2011.04.10"]
[EventType "swiss"]
[EventRounds "9"]
[EventCountry "UAE"]
[Source "lmi"]
[SourceDate "2011.04.09"]

1. Nf3 Nf6 2. c4 g6 3. g3 Bg7 4. Bg2 O-O 5. O-O d6 6. d4 c6 7. Nc3 Qb6 8. b3 e5
9. e3 Re8 10. Ba3 e4 11. Nd2 d5 12. b4 Be6 13. Rb1 Nbd7 14. b5 Qd8 15. bxc6
bxc6 16. Qa4 Nb6 17. Qa6 dxc4 18. Ndxe4 Nxe4 19. Bxe4 Qc8 20. Qa5 Qd7 21. Rfc1
Rab8 22. Rb2 Bf8 23. Bxf8 Rxf8 24. Bg2 Nd5 25. Rxb8 Rxb8 26. Ne4 Rb2 27. Qa3
Qb7 28. Nd6 Qb4 29. Qxb4 Nxb4 30. Nxc4 Rxa2 31. Ne5 f6 32. Nxc6 Nd3 33. Rf1 a5
34. d5 Bf5 35. Ne7+ Kf8 36. Nxf5 gxf5 37. Bh3 Ke7 38. d6+ Kd8 39. Bxf5 Ne5 40.
Rb1 1-0

[Event "13. Dubai open 2011"]
[Site "Dubai UAE"]
[Date "2011.04.17"]
[Round "8.13"]
[White "Guseinov, Gadir"]
[Black "Grigoryan, Karen H"]
[Result "1-0"]
[WhiteElo "2584"]
[BlackElo "2463"]
[PlyCount "82"]
[EventDate "2011.04.10"]
[EventType "swiss"]
[EventRounds "9"]
[EventCountry "UAE"]
[Source "lmi"]
[SourceDate "2011.04.09"]

1. e4 e6 2. d4 d5 3. Nc3 Bb4 4. Nge2 dxe4 5. a3 Be7 6. Nxe4 Nf6 7. Qd3 O-O 8.
Bf4 Nc6 9. O-O-O e5 10. Be3 Ng4 11. d5 Nxe3 12. fxe3 Nb8 13. N2g3 Bd6 14. Qc3
Nd7 15. Bd3 Nb6 16. Nxd6 cxd6 17. Rhf1 g6 18. e4 Bg4 19. Rde1 Rc8 20. Qd2 Na4
21. Kb1 Bd7 22. Rf3 Rc3 23. Ne2 Qb6 24. b3 Rfc8 25. Nxc3 Nxc3+ 26. Ka1 Qa5 27.
Qc1 b5 28. Rf6 b4 29. Rxd6 Bb5 30. Bxb5 Nxb5 31. Rc6 Rxc6 32. dxc6 Nxa3 33. Kb2
Nb5 34. Re3 Nc3 35. Qa1 Qc5 36. Rd3 a5 37. Rd7 Qxc6 38. Rd8+ Kg7 39. Qxa5 Qxe4
40. Qc5 Kf6 41. Rd2 Kg5 1-0

[Event "13. Dubai open 2011"]
[Site "Dubai UAE"]
[Date "2011.04.17"]
[Round "8.14"]
[White "Iskusnyh, Sergei"]
[Black "Arutinian, David"]
[Result "1/2-1/2"]
[WhiteElo "2481"]
[BlackElo "2575"]
[PlyCount "70"]
[EventDate "2011.04.10"]
[EventType "swiss"]
[EventRounds "9"]
[EventCountry "UAE"]
[Source "lmi"]
[SourceDate "2011.04.09"]

1. d4 Nf6 2. c4 e6 3. g3 Bb4+ 4. Bd2 Be7 5. Bg2 d5 6. Nf3 O-O 7. O-O c6 8. Qc2
b6 9. Rd1 Bb7 10. Bf4 Nbd7 11. Nc3 Nh5 12. Bc1 f5 13. b3 Bd6 14. a4 a5 15. Ba3
Bxa3 16. Rxa3 Qe7 17. Raa1 Nhf6 18. Rac1 Rac8 19. e3 Ne4 20. Qb2 Rfd8 21. Ne1
Ndf6 22. Nd3 c5 23. Ne5 Ba8 24. Nb5 Kf8 25. Rc2 cxd4 26. Nxd4 Nc5 27. Rcc1 Nce4
28. h3 Kg8 29. Kh2 Bb7 30. Kg1 Re8 31. Kh2 Rc5 32. Nd3 Rcc8 33. cxd5 Nxd5 34.
Rxc8 Rxc8 35. Rc1 Rxc1 1/2-1/2

[Event "13. Dubai open 2011"]
[Site "Dubai UAE"]
[Date "2011.04.17"]
[Round "8.15"]
[White "Gagunashvili, Merab"]
[Black "Swapnil, S  Dhopade"]
[Result "1-0"]
[WhiteElo "2599"]
[BlackElo "2411"]
[PlyCount "71"]
[EventDate "2011.04.10"]
[EventType "swiss"]
[EventRounds "9"]
[EventCountry "UAE"]
[Source "lmi"]
[SourceDate "2011.04.09"]

1. d4 Nf6 2. c4 e6 3. Nc3 Bb4 4. Qc2 O-O 5. a3 Bxc3+ 6. Qxc3 b6 7. Bg5 c5 8.
dxc5 bxc5 9. e3 d6 10. Bd3 Nbd7 11. Nh3 a5 12. O-O Qb6 13. Bc2 Rb8 14. Rab1 Bb7
15. f3 d5 16. Rfd1 Bc6 17. Nf2 Rfe8 18. Bh4 Rbc8 19. h3 h6 20. Ng4 Nxg4 21.
hxg4 Nf8 22. Bg3 Red8 23. Be5 f6 24. Bg3 d4 25. exd4 cxd4 26. c5 dxc3 27. cxb6
Rxd1+ 28. Bxd1 Bb7 29. Bc7 cxb2 30. Rxb2 Ng6 31. Bb3 Kf7 32. Rd2 Nf8 33. Bc2
Ke7 34. Be4 Bxe4 35. fxe4 Nd7 36. b7 1-0

[Event "13. Dubai open 2011"]
[Site "Dubai UAE"]
[Date "2011.04.17"]
[Round "8.16"]
[White "Roy, Chowdhury Saptarshi"]
[Black "Halkias, Stelios"]
[Result "0-1"]
[WhiteElo "2459"]
[BlackElo "2579"]
[PlyCount "75"]
[EventDate "2011.04.10"]
[EventType "swiss"]
[EventRounds "9"]
[EventCountry "UAE"]
[Source "lmi"]
[SourceDate "2011.04.09"]

1. e4 d6 2. d4 Nf6 3. Nc3 e5 4. Nf3 Nbd7 5. Bc4 Be7 6. O-O O-O 7. Re1 c6 8. a4
a5 9. b3 h6 10. Bb2 Qc7 11. Bd3 exd4 12. Nxd4 Ne5 13. Nce2 Rd8 14. Ng3 d5 15.
exd5 Nxd3 16. Qxd3 Rxd5 17. c4 Rd8 18. Qc2 Bc5 19. Ndf5 Bxf5 20. Qxf5 Bd4 21.
Bxd4 Rxd4 22. h3 Rad8 23. Re5 Qd6 24. Rae1 Rd1 25. R5e3 b6 26. Qf3 g6 27. Ne4
Nxe4 28. Qxe4 Qf6 29. Rxd1 Rxd1+ 30. Kh2 Qa1 31. Qf3 c5 32. Qe4 Kg7 33. Qf3 h5
34. Qe4 h4 35. Qf3 Rg1 36. g3 Rd1 37. Qh1 Qf6 38. Qe1 0-1

[Event "13. Dubai open 2011"]
[Site "Dubai UAE"]
[Date "2011.04.17"]
[Round "8.17"]
[White "Simantsev, Mikhail"]
[Black "Shyam, Sundar M"]
[Result "1-0"]
[WhiteElo "2556"]
[BlackElo "2457"]
[PlyCount "81"]
[EventDate "2011.04.10"]
[EventType "swiss"]
[EventRounds "9"]
[EventCountry "UAE"]
[Source "lmi"]
[SourceDate "2011.04.09"]

1. d4 Nf6 2. c4 g6 3. Nc3 Bg7 4. e4 d6 5. Nf3 O-O 6. h3 e5 7. d5 Nh5 8. Nh2 Qe8
9. Be2 Nf4 10. Bf3 f5 11. g3 Nxh3 12. Bg2 Qf7 13. Qf3 fxe4 14. Nxe4 Qe7 15. Qe2
Bf5 16. Nf3 Qd7 17. Bxh3 Bxh3 18. Nfg5 Bf5 19. Rxh7 Na6 20. f3 Nc5 21. Nxc5
dxc5 22. g4 e4 23. gxf5 exf3 24. Qe6+ Qxe6+ 25. dxe6 Rxf5 26. Rh3 f2+ 27. Kf1
b5 28. cxb5 Rd5 29. Kxf2 Rd1 30. Ke2 Rg1 31. Nf3 Rg2+ 32. Kf1 Rg4 33. Rh4 Rxh4
34. Nxh4 Re8 35. Be3 c4 36. Rb1 Rxe6 37. Bxa7 Re5 38. a4 Re7 39. Nf3 c3 40.
bxc3 Bxc3 41. Rc1 1-0

[Event "13. Dubai open 2011"]
[Site "Dubai UAE"]
[Date "2011.04.17"]
[Round "8.18"]
[White "Nitin, S."]
[Black "Al-Sayed, Mohammed"]
[Result "0-1"]
[WhiteElo "2365"]
[BlackElo "2485"]
[PlyCount "74"]
[EventDate "2011.04.10"]
[EventType "swiss"]
[EventRounds "9"]
[EventCountry "UAE"]
[Source "lmi"]
[SourceDate "2011.04.09"]

1. e4 c5 2. Nf3 d6 3. d4 cxd4 4. Nxd4 Nf6 5. Nc3 a6 6. Be3 Nbd7 7. f3 e6 8. g4
h6 9. Qd2 b5 10. O-O-O b4 11. Na4 Ne5 12. b3 Bd7 13. Nb2 d5 14. Bf4 Nxf3 15.
Nxf3 Nxe4 16. Qd4 Qa5 17. Bd3 Nc3 18. Rde1 Qxa2 19. Nd1 Qa1+ 20. Kd2 Nb1+ 21.
Ke2 Qxd4 22. Nxd4 Bc5 23. Nf3 O-O 24. Ne5 Bb5 25. Nb2 Nc3+ 26. Kd2 Rfc8 27.
Bxb5 axb5 28. Nbd3 Ne4+ 29. Ke2 Bd6 30. Rc1 Ra2 31. Kf3 f6 32. Nd7 Bxf4 33.
Kxf4 Rcxc2 34. Rxc2 Rxc2 35. Nxb4 Rc3 36. g5 hxg5+ 37. Kg4 Nf2+ 0-1

[Event "13. Dubai open 2011"]
[Site "Dubai UAE"]
[Date "2011.04.17"]
[Round "8.19"]
[White "Petrosian, Davit G"]
[Black "Koohestani, Sh"]
[Result "1-0"]
[WhiteElo "2480"]
[BlackElo "2345"]
[PlyCount "50"]
[EventDate "2011.04.10"]
[EventType "swiss"]
[EventRounds "9"]
[EventCountry "UAE"]
[Source "lmi"]
[SourceDate "2011.04.09"]

1. e4 c5 2. Nf3 e6 3. Nc3 a6 4. d4 cxd4 5. Nxd4 Qc7 6. Qg4 Nf6 7. Qg3 Qxg3 8.
hxg3 d6 9. f3 Nc6 10. Nxc6 bxc6 11. g4 d5 12. Bd3 Nd7 13. Na4 Bd6 14. Be3 Ke7
15. O-O-O Bb7 16. c4 h6 17. Nc3 Nf6 18. Rhe1 Rhe8 19. g5 hxg5 20. Bxg5 d4 21.
e5 Bxe5 22. Rxe5 dxc3 23. b3 Rh8 24. Kc2 Ke8 25. Kxc3 Rd8 1-0

[Event "13. Dubai open 2011"]
[Site "Dubai UAE"]
[Date "2011.04.17"]
[Round "8.20"]
[White "Harutjunyan, Gevorg"]
[Black "Kowsarinia, Amir"]
[Result "1-0"]
[WhiteElo "2468"]
[BlackElo "2168"]
[PlyCount "73"]
[EventDate "2011.04.10"]
[EventType "swiss"]
[EventRounds "9"]
[EventCountry "UAE"]
[Source "lmi"]
[SourceDate "2011.04.09"]

1. e4 c5 2. Nc3 Nc6 3. Nf3 Nf6 4. Bb5 g6 5. e5 Ng4 6. Bxc6 dxc6 7. h3 Nh6 8. d3
Bg7 9. O-O O-O 10. a4 a5 11. Ne4 b6 12. Bf4 Nf5 13. Re1 Be6 14. c3 Bh8 15. Qd2
Bd5 16. Bh2 Ra7 17. g4 Bxe4 18. Rxe4 Ng7 19. Ng5 Rd7 20. Rd1 f6 21. e6 Rd5 22.
Nf7 Rxf7 23. exf7+ Kxf7 24. Qe3 Rd7 25. Re1 e5 26. d4 Ne6 27. dxe5 Rd3 28. Qe2
Rd2 29. Qc4 Qd5 30. Qa6 Ng5 31. e6+ Ke8 32. Qc8+ Qd8 33. Qxc6+ Ke7 34. Qb7+ Ke8
35. R4e3 Qe7 36. Qc6+ Kf8 37. h4 1-0

[Event "13. Dubai open 2011"]
[Site "Dubai UAE"]
[Date "2011.04.17"]
[Round "8.21"]
[White "Narayanan, Srinath"]
[Black "Huschenbeth, Niclas"]
[Result "0-1"]
[WhiteElo "2310"]
[BlackElo "2465"]
[PlyCount "177"]
[EventDate "2011.04.10"]
[EventType "swiss"]
[EventRounds "9"]
[EventCountry "UAE"]
[Source "lmi"]
[SourceDate "2011.04.09"]

1. e4 c5 2. Nf3 d6 3. d4 cxd4 4. Nxd4 Nf6 5. Nc3 a6 6. Be3 e6 7. g4 e5 8. Nf5
g6 9. g5 gxf5 10. exf5 d5 11. Qf3 Ne4 12. Nxe4 dxe4 13. Qxe4 Nc6 14. Bc4 Qd7
15. g6 fxg6 16. fxg6 Qe7 17. Rg1 hxg6 18. Qxg6+ Kd7 19. O-O-O+ Kc7 20. c3 Qh7
21. Qf6 Qh4 22. Qf7+ Qe7 23. Qd5 Bf5 24. Qf3 Be6 25. Bd3 Bh6 26. Be4 Raf8 27.
Qe2 Bxe3+ 28. Qxe3 Bd7 29. Rd2 Rxh2 30. Rgd1 Be8 31. a4 Kc8 32. Qb6 Qc7 33. Qc5
Rf6 34. Bxc6 bxc6 35. Qc4 c5 36. Qd5 Bc6 37. Qxc5 Rh8 38. Qc4 Bf3 39. Qxc7+
Kxc7 40. Rg1 Rh7 41. b4 Bc6 42. Rg5 Re7 43. b5 axb5 44. axb5 Bb7 45. c4 Kb6 46.
Re2 e4 47. Kb2 Rf3 48. Rd2 Ref7 49. Re5 Ka5 50. c5 Kxb5 51. c6+ Kxc6 52. Rxe4
Kb6 53. Rb4+ Ka7 54. Rbd4 Kb8 55. Rb4 R3f6 56. f4 Kc7 57. Rc4+ Bc6 58. Rdd4 Rf5
59. Kc3 R7f6 60. Kb2 Kb6 61. Rc3 Rh6 62. Rb4+ Bb5 63. Ka3 Ka5 64. Re4 Rh8 65.
Rb3 Rb8 66. Kb2 Rb7 67. Ka3 Rb6 68. Rbb4 Rd6 69. Rb3 Rdd5 70. Rbe3 Rd1 71. Rb3
Kb6 72. Re6+ Kc5 73. Re5+ Rxe5 74. fxe5 Bc4 75. Rb8 Rd2 76. Rc8+ Kd4 77. Kb4
Rb2+ 78. Ka5 Rb5+ 79. Ka4 Kc3 80. e6 Rb6 81. Rc5 Ra6+ 82. Ra5 Rxe6 83. Rh5 Rg6
84. Rh3+ Bd3 85. Rh5 Bf1 86. Rf5 Bc4 87. Rh5 Rd6 88. Ra5 Rc6 89. Rh5 0-1

[Event "13. Dubai open 2011"]
[Site "Dubai UAE"]
[Date "2011.04.17"]
[Round "8.22"]
[White "Kayumov, Dmitry D"]
[Black "Schneider, Veronika"]
[Result "0-1"]
[WhiteElo "2463"]
[BlackElo "2247"]
[PlyCount "110"]
[EventDate "2011.04.10"]
[EventType "swiss"]
[EventRounds "9"]
[EventCountry "UAE"]
[Source "lmi"]
[SourceDate "2011.04.09"]

1. e4 c5 2. Nf3 e6 3. Nc3 a6 4. d4 cxd4 5. Nxd4 Qc7 6. Bd3 Nf6 7. O-O Bc5 8.
Nb3 Be7 9. f4 d6 10. e5 Nfd7 11. exd6 Qxd6 12. Ne4 Qc7 13. Ng5 Nf6 14. Kh1 Nc6
15. c3 b6 16. Qe2 Bb7 17. Bd2 g6 18. Rae1 O-O 19. a3 Rfd8 20. c4 Bf8 21. Bc3
Bg7 22. Bc2 a5 23. Qe3 h6 24. Ne4 Nxe4 25. Bxg7 Kxg7 26. Bxe4 a4 27. Nd2 Ra5
28. Nf3 Rc5 29. Rc1 Kg8 30. Kg1 Na5 31. Bxb7 Qxb7 32. f5 exf5 33. Qxh6 Nxc4 34.
Rfe1 Qc6 35. Ng5 Qf6 36. Re7 Nd6 37. Rce1 Rc4 38. Nxf7 Rh4 39. Qg5 Qxg5 40.
Nxg5 Rg4 41. Nh7 Ne4 42. Rc1 Rh4 43. Rxe4 fxe4 44. Ng5 Rg4 45. Nh3 e3 46. g3
Rd2 47. Re1 Re4 48. Ng5 Re7 49. Nf3 Rxb2 50. Nd4 Ra2 51. h4 Rxa3 52. Kg2 Ra2+
53. Ne2 a3 54. Kf3 Rc2 55. Nd4 Rf2+ 0-1

[Event "13. Dubai open 2011"]
[Site "Dubai UAE"]
[Date "2011.04.17"]
[Round "8.23"]
[White "Andriasian, Zaven"]
[Black "Pourkashiyan, Atousa"]
[Result "1-0"]
[WhiteElo "2645"]
[BlackElo "2371"]
[PlyCount "163"]
[EventDate "2011.04.10"]
[EventType "swiss"]
[EventRounds "9"]
[EventCountry "UAE"]
[Source "lmi"]
[SourceDate "2011.04.09"]

1. e4 e5 2. Bc4 Nf6 3. d3 Nc6 4. Nf3 Bc5 5. c3 a6 6. O-O d6 7. Bb3 O-O 8. Bg5
Be6 9. Nbd2 Qe7 10. Nc4 h6 11. Bh4 Bxc4 12. Bxc4 Na5 13. b4 Nxc4 14. bxc5 Na5
15. Qa4 Nc6 16. Rab1 Rab8 17. cxd6 Qxd6 18. Rfd1 Rfe8 19. Qc2 Qe6 20. Re1 Na5
21. d4 Nc4 22. dxe5 Nd7 23. Rbd1 Ndxe5 24. Nd4 Qb6 25. f4 Ng6 26. Bg3 c5 27.
Nf3 Rbd8 28. Rxd8 Qxd8 29. h3 b5 30. Kh2 Qd7 31. e5 Ne7 32. Bf2 Qc8 33. Qe4 Ng6
34. g4 Qc7 35. Bg3 Ne7 36. Re2 Qc6 37. Qxc6 Nxc6 38. Bf2 Nd8 39. Kg3 Nb7 40.
Nd2 Nb2 41. Ne4 Nd3 42. Rd2 c4 43. Kf3 Rd8 44. Bb6 Rd7 45. Ke3 Kf8 46. Bd4 Rd5
47. h4 Kg8 48. h5 Kf8 49. Rd1 Nd8 50. Nc5 Nxc5 51. Bxc5+ Rxc5 52. Rxd8+ Ke7 53.
Ra8 Rd5 54. Ke4 Rd3 55. Rxa6 Rxc3 56. Ra7+ Kf8 57. Kf5 Re3 58. Rb7 Re2 59. a3
Re3 60. Ra7 c3 61. Rc7 c2 62. Rxc2 Rxa3 63. Rc8+ Ke7 64. Rb8 Rb3 65. Rg8 Rc3
66. Rxg7 Rc6 67. Rg8 Rb6 68. g5 b4 69. gxh6 Rxh6 70. Kg5 Rb6 71. h6 b3 72. h7
b2 73. h8=Q b1=Q 74. Re8+ Kd7 75. Rd8+ Kc6 76. Rd6+ Kb7 77. Rxb6+ Qxb6 78. Qf6
Qb3 79. Kh6 Kc8 80. Kg7 Qf3 81. Kxf7 Qh5+ 82. Kf8 1-0

[Event "13. Dubai open 2011"]
[Site "Dubai UAE"]
[Date "2011.04.17"]
[Round "8.24"]
[White "Abdulov, Orkhan Javanshir Og"]
[Black "Mamedov, Nidjat"]
[Result "0-1"]
[WhiteElo "2327"]
[BlackElo "2580"]
[PlyCount "90"]
[EventDate "2011.04.10"]
[EventType "swiss"]
[EventRounds "9"]
[EventCountry "UAE"]
[Source "lmi"]
[SourceDate "2011.04.09"]

1. e4 c5 2. Nf3 d6 3. d4 cxd4 4. Nxd4 Nf6 5. Nc3 Nc6 6. Bg5 e6 7. Qd2 a6 8.
O-O-O Bd7 9. f4 Be7 10. Nf3 b5 11. e5 b4 12. exf6 bxc3 13. Qxc3 gxf6 14. Bh4 d5
15. Nd4 Qa5 16. Qxa5 Nxa5 17. Be2 O-O 18. g4 Rfc8 19. Rhg1 Nc4 20. Rd3 Kf8 21.
Rh3 h6 22. Rf1 a5 23. Be1 Rab8 24. Bc3 e5 25. Nf5 Bxf5 26. gxf5 d4 27. Bxc4
dxc3 28. Rxh6 Bc5 29. b3 Be3+ 30. Kd1 Kg7 31. Rh4 exf4 32. Rhxf4 Rd8+ 33. Bd3
Bxf4 34. Rxf4 Rb4 35. Rf3 Rh4 36. h3 Re4 37. a3 Kh6 38. Rf1 Re3 39. Kc1 Rde8
40. Kb1 Re1+ 41. Rxe1 Rxe1+ 42. Ka2 Kg5 43. a4 Kf4 44. b4 axb4 45. Bb5 Rc1 0-1

[Event "13. Dubai open 2011"]
[Site "Dubai UAE"]
[Date "2011.04.17"]
[Round "8.26"]
[White "Malakhatko, Vadim"]
[Black "Daulyte, Deimante"]
[Result "1-0"]
[WhiteElo "2546"]
[BlackElo "2293"]
[PlyCount "52"]
[EventDate "2011.04.10"]
[EventType "swiss"]
[EventRounds "9"]
[EventCountry "UAE"]
[Source "lmi"]
[SourceDate "2011.04.09"]

1. d4 Nf6 2. c4 g6 3. Nc3 d5 4. cxd5 Nxd5 5. Bd2 Bg7 6. e4 Nb6 7. Be3 O-O 8. h3
e5 9. Nf3 Nc6 10. d5 Ne7 11. Bc5 Bd7 12. Qb3 Rb8 13. a4 Nbc8 14. Be2 b6 15. Ba3
Nd6 16. O-O f5 17. Bb5 fxe4 18. Nxe4 Nef5 19. Rfe1 h6 20. Rac1 Rf7 21. Bxd7
Rxd7 22. Bxd6 cxd6 23. Rc6 Qf8 24. Qd3 Rbd8 25. Nc3 Qf7 26. Qe4 Ne7 1-0

[Event "13. Dubai open 2011"]
[Site "Dubai UAE"]
[Date "2011.04.17"]
[Round "8.28"]
[White "Zozulia, Anna"]
[Black "Guliev, Logman"]
[Result "1/2-1/2"]
[WhiteElo "2369"]
[BlackElo "2468"]
[PlyCount "108"]
[EventDate "2011.04.10"]
[EventType "swiss"]
[EventRounds "9"]
[EventCountry "UAE"]
[Source "lmi"]
[SourceDate "2011.04.09"]

1. e4 c5 2. Nf3 d6 3. c3 Nf6 4. Bd3 g6 5. O-O Bg7 6. Re1 O-O 7. Bf1 Nc6 8. h3
Rb8 9. a4 a6 10. Na3 e5 11. d4 exd4 12. cxd4 d5 13. exd5 Nxd4 14. Nxd4 cxd4 15.
Bf4 Ra8 16. Qxd4 Qxd5 17. Be5 Qxd4 18. Bxd4 Be6 19. Bc4 Rfd8 20. Rad1 Nh5 21.
Bxg7 Nxg7 22. b3 Rac8 23. Kf1 Kf8 24. Rxd8+ Rxd8 25. Re2 Bf5 26. Ke1 Ne6 27.
Rd2 Re8 28. Kf1 Nc5 29. Rd5 Ne4 30. Rd4 h5 31. f3 Nc5 32. Rd5 Rc8 33. Rd4 Ke7
34. Kf2 Ne6 35. Rd2 h4 36. b4 Rc7 37. a5 Nf4 38. Rd4 g5 39. b5 axb5 40. Nxb5
Rc6 41. Nc3 Be6 42. Bxe6 Rxc3 43. Bd5 Rc2+ 44. Kf1 Rb2 45. Be4 Nxg2 46. Bxb7
Ne3+ 47. Kg1 Rb1+ 48. Kf2 Nf5 49. Re4+ Kd7 50. a6 Ra1 51. Re5 Ra2+ 52. Ke1 Nd6
53. Rxg5 Nxb7 54. axb7 Rb2 1/2-1/2

[Event "13. Dubai open 2011"]
[Site "Dubai UAE"]
[Date "2011.04.17"]
[Round "8.29"]
[White "Laxman, R R."]
[Black "Atabayev, Yusup"]
[Result "0-1"]
[WhiteElo "2462"]
[BlackElo "2319"]
[PlyCount "52"]
[EventDate "2011.04.10"]
[EventType "swiss"]
[EventRounds "9"]
[EventCountry "UAE"]
[Source "lmi"]
[SourceDate "2011.04.09"]

1. Nf3 Nf6 2. d4 g6 3. Bg5 Bg7 4. Nbd2 O-O 5. c3 d6 6. e4 Nbd7 7. Be2 e5 8.
dxe5 dxe5 9. Qc2 h6 10. Bh4 Qe7 11. Nc4 b6 12. Nfd2 a5 13. O-O Ba6 14. Rae1 Qe6
15. b3 Nc5 16. Ne3 Bxe2 17. Rxe2 Nh5 18. f3 c6 19. Ndc4 b5 20. Nb2 f5 21. exf5
gxf5 22. g3 e4 23. f4 Rf7 24. Rd2 a4 25. b4 Nd7 26. Rfd1 a3 0-1

[Event "13. Dubai open 2011"]
[Site "Dubai UAE"]
[Date "2011.04.17"]
[Round "8.30"]
[White "Hrabinska, Myroslava"]
[Black "Ashwin, Jayaram"]
[Result "0-1"]
[WhiteElo "2278"]
[BlackElo "2439"]
[PlyCount "90"]
[EventDate "2011.04.10"]
[EventType "swiss"]
[EventRounds "9"]
[EventCountry "UAE"]
[Source "lmi"]
[SourceDate "2011.04.09"]

1. e4 c5 2. Nf3 d6 3. d4 cxd4 4. Nxd4 Nf6 5. Nc3 Nc6 6. Be2 e5 7. Nf3 h6 8. Bc4
Be7 9. h3 a6 10. Be3 Qc7 11. Nd5 Nxd5 12. Bxd5 Be6 13. O-O O-O 14. c4 a5 15. b3
Nb4 16. Bxe6 fxe6 17. Nd2 Qc6 18. a3 Nd3 19. Qc2 Nf4 20. Rfe1 Bd8 21. b4 Bb6
22. c5 Bc7 23. Rab1 axb4 24. axb4 b5 25. Qb3 d5 26. Bxf4 Rxf4 27. f3 Rff8 28.
Ra1 Ra4 29. Ra2 Rfa8 30. Rea1 Qa6 31. Rxa4 bxa4 32. b5 Qa5 33. Qd3 Qb4 34. exd5
Qxc5+ 35. Kh1 exd5 36. Nb3 Qd6 37. Qc2 e4 38. g4 Rf8 39. Nd4 Qe5 40. Rxa4 exf3
41. Qf2 Bb6 42. Nxf3 Qf6 43. Qe2 Qxf3+ 44. Qxf3 Rxf3 45. Ra8+ Rf8 0-1

[Event "13. Dubai open 2011"]
[Site "Dubai UAE"]
[Date "2011.04.17"]
[Round "8.31"]
[White "Khukhashvili, Sopiko"]
[Black "Das, Sayantan"]
[Result "1-0"]
[WhiteElo "2421"]
[BlackElo "2268"]
[PlyCount "122"]
[EventDate "2011.04.10"]
[EventType "swiss"]
[EventRounds "9"]
[EventCountry "UAE"]
[Source "lmi"]
[SourceDate "2011.04.09"]

1. e4 e5 2. Nf3 Nc6 3. Bb5 Nge7 4. c3 a6 5. Ba4 g6 6. O-O Bg7 7. d4 exd4 8.
cxd4 b5 9. Bb3 O-O 10. d5 Na5 11. Bc2 d6 12. h3 Nc4 13. Nc3 c6 14. dxc6 Nxc6
15. a4 b4 16. Nd5 h6 17. Bb3 N4e5 18. Nxe5 dxe5 19. Be3 Rb8 20. Bc5 Re8 21. a5
Qg5 22. Qd3 Bb7 23. Rfd1 Bf8 24. Bb6 Nd4 25. Ba4 Bxd5 26. Bxd4 Bc4 27. Qxc4
Rec8 28. Qxa6 exd4 29. Bb3 Rc7 30. h4 Qg4 31. e5 Kh7 32. e6 Qxh4 33. exf7 Rc5
34. Rd3 Rf5 35. Rg3 Rf6 36. Qd3 Bd6 37. a6 Qf4 38. Qf3 Qe5 39. Qg4 d3 40. Qd7
Rf8 41. Rf1 Rxf2 42. Rxf2 Qxg3 43. Kf1 Bc5 44. Rf3 Qh2 45. Qxd3 Qg1+ 46. Ke2
Qxg2+ 47. Kd1 Qxb2 48. Bc2 Qd4 49. Qxd4 Bxd4 50. Rd3 Bf2 51. Rf3 Bc5 52. Rg3
Kg7 53. Bxg6 Kf6 54. Bh5 Ke7 55. Rg8 Bd4 56. Kc2 Bc5 57. Kb3 Bf2 58. Kxb4 Ba7
59. Kb5 Bd4 60. Kc6 Be3 61. Kb7 Bc5 1-0

[Event "13. Dubai open 2011"]
[Site "Dubai UAE"]
[Date "2011.04.17"]
[Round "8.32"]
[White "Tania, Sachdev"]
[Black "Cherednichenko, Svetlana"]
[Result "1-0"]
[WhiteElo "2407"]
[BlackElo "2278"]
[PlyCount "57"]
[EventDate "2011.04.10"]
[EventType "swiss"]
[EventRounds "9"]
[EventCountry "UAE"]
[Source "lmi"]
[SourceDate "2011.04.09"]

1. d4 d6 2. c4 f5 3. Nf3 g6 4. b3 Nf6 5. Bb2 Bg7 6. g3 O-O 7. Bg2 e6 8. O-O Nc6
9. Qc2 Qe7 10. Nc3 Bd7 11. Rad1 Rae8 12. Rfe1 Qd8 13. d5 Nb4 14. Qb1 e5 15. a3
Na6 16. b4 Nh5 17. Rc1 h6 18. Nd2 g5 19. Nb3 e4 20. Nb5 Qe7 21. Bxg7 Qxg7 22.
N3d4 f4 23. e3 f3 24. Bf1 Nf6 25. c5 Qg6 26. Ne6 Qh5 27. cxd6 Bxb5 28. Bxb5 Ng4
29. h4 1-0

[Event "13. Dubai open 2011"]
[Site "Dubai UAE"]
[Date "2011.04.17"]
[Round "8.33"]
[White "Hilwani, Talal"]
[Black "Semiev, Suhrab"]
[Result "1-0"]
[WhiteElo "2272"]
[BlackElo "2406"]
[PlyCount "52"]
[EventDate "2011.04.10"]
[EventType "swiss"]
[EventRounds "9"]
[EventCountry "UAE"]
[Source "lmi"]
[SourceDate "2011.04.09"]

1. c4 Nf6 2. g3 c6 3. Bg2 d5 4. Nf3 Bf5 5. cxd5 cxd5 6. Qb3 Qc8 7. Nc3 e6 8. d3
Nc6 9. Bg5 Be7 10. Rc1 O-O 11. O-O Nd7 12. e4 Nc5 13. Qc2 Bg6 14. a3 a5 15.
Rfd1 d4 16. Na4 Nd7 17. Qb3 Bh5 18. Qb5 e5 19. Bd2 Qb8 20. Rc2 Re8 21. Rdc1 Na7
22. Qxa5 b5 23. Nc5 Nxc5 24. Rxc5 Bxc5 25. Rxc5 Rc8 26. Rxc8+ Nxc8 1-0